Statistics for 15 Countries with most Handsome Men

Click here to take the quiz!

General Stats

  • This quiz has been taken 189 times
  • The average score is 10 of 15

Answer Stats

HintAnswer% Correct
United States
95%
Italy
86%
14°France
85%
15°Russia
82%
Spain
82%
11°Brazil
81%
13°Germany
78%
12°Australia
73%
Turkey
66%
10°Portugal
65%
Argentina
62%
Greece
62%
Iran
40%
Israel
38%
Saudi Arabia
34%

Score Distribution

Percentile by Number Answered

Percent of People with Each Score

Your Score History

You have not taken this quiz